Online Public Access Catalog -OPAC

Handbook of human embryology. (Record no. 789)

MARC details
000 -LEADER
fixed length control field 00337nam a2200121Ia 4500
008 - FIXED-LENGTH DATA ELEMENTS--GENERAL INFORMATION
fixed length control field 180412s9999||||xx |||||||||||||| ||und||
040 ## - CATALOGING SOURCE
Original cataloging agency Ahmadu Bello University Library - Zaria
100 ## - MAIN ENTRY--PERSONAL NAME
Personal name HAINES, R. W.
245 #0 - TITLE STATEMENT
Title Handbook of human embryology.
Statement of responsibility, etc. R. W. Haines, A. Mohiuddin.
250 ## - EDITION STATEMENT
Edition statement \\
-- 5th
260 ## - PUBLICATION, DISTRIBUTION, ETC.
Date of publication, distribution, etc. 1972
300 ## - PHYSICAL DESCRIPTION
Extent 252p.
700 ## - ADDED ENTRY--PERSONAL NAME
Personal name MOHIUDDIN, A.

No items available.

Customized by ICT Technical Service Unit on 29th Dec 2022

Kashim Ibrahim Library